000 01214nam a2200205Ia 4500
003 Ost
005 20260507075730.0
008 260507s9999||||xx |||||||||||||| ||und||
040 _cfsecg
041 _aara
082 _a350
100 _aابو قحف، عبد السلام
_eمؤلف
245 0 _aالتجربة اليابانية في الادارة والتنظيم :
_bالدعائم الاساسية ومقومات النجاح /
_c عبد السلام ابو قحف
260 _aالاسكندرية:
_bالمكتب العربي الحديث,
_c1998
300 _a135 صفحة؛
504 _aبيبليوغرافيا : الجزء الاول ص .59 ؛ الجزء الثاني ص. 134
520 _aفي هذا الكتاب : النظام الادارى ودعائمة على مستوى الدولة النظام الاداري: الخصائص و السمات و الدعائم الاساسية و الاستثمارات ، الملامح و المحاور الاساسية لنظم الادارة و التنظيم، الانتاجية و اسباب النجاح في المصانع و الشركات، بعض الممارسات الادارية
653 _aالادارة
942 _cكتاب
999 _c46029
_d46029